00195nam a2200073Ia 4500082001600000245002100016100004300037008004100080 aSOT KF LEFA 0aLefatshe lesele  a More, Lucas Teboho Centurion, 2008 210816s9999 xx 000 0 und d